[Event "ch-CZE"]
[Site "Ostrava CZE"]
[Date "2010.05.05"]
[Round "5"]
[White "Kratochvil,Jo"]
[Black "Vlach,K"]
[Result "1/2-1/2"]
[WhiteElo "2307"]
[BlackElo "2171"]

1.e4 d6 2.d4 Nf6 3.Nc3 e5 4.dxe5 dxe5 5.Qxd8+ Kxd8 6.Bg5 Be6 7.O-O-O+ Nd7
8.f4 exf4 9.Nf3 h6 10.Bxf4 Bb4 11.Nb5 Ba5 12.Nbd4 Ke7 13.Nxe6 fxe6 14.Bc4 Rhd8
15.c3 Bb6 16.Nd4 Nf8 17.Rhe1 Rd7 18.Bb5 c6 19.Bc4 Rad8 20.Nf5+ Kf7 21.Nd6+ Ke7
22.h3 Nh5 23.Bh2 Rxd6 24.Rxd6 Rxd6 25.g4 Rd7 26.gxh5 Nh7 27.Be5 Nf6 28.Be2 Bf2
29.Rd1 Be3+ 30.Kc2 Rxd1 31.Bxf6+ Kxf6  1/2-1/2

[Event "40th Bosna Open"]
[Site "Sarajevo BIH"]
[Date "2010.05.05"]
[Round "1"]
[White "Vuckovic,Bo"]
[Black "Bosnjak,D"]
[Result "1-0"]
[WhiteElo "2640"]
[BlackElo "2314"]

1.e4 d6 2.d4 Nf6 3.Nc3 e5 4.Nf3 Nbd7 5.Bc4 Be7 6.O-O O-O 7.Re1 c6 8.a4 a5
9.b3 exd4 10.Nxd4 Nb6 11.Bd3 Ng4 12.h3 Bf6 13.Bf1 Ne5 14.Bb2 Ng6 15.g3 d5
16.Bg2 c5 17.Nf5 Bxf5 18.exf5 Ne7 19.Qf3 Qd7 20.Rad1 Qxf5 21.Nxd5 Nbxd5 22.Qxf5 Nxf5
23.Rxd5 Ne7 24.Rd7 Bxb2 25.Rexe7 Rad8 26.Bxb7 Bf6 27.Rxd8 Rxd8 28.Rc7 Bd4
29.Bd5 Kf8 30.Bc4 Rd6  1-0

[Event "40th Bosna Open"]
[Site "Sarajevo BIH"]
[Date "2010.05.06"]
[Round "2"]
[White "Panarin,M"]
[Black "Runic,Z"]
[Result "1-0"]
[WhiteElo "2521"]
[BlackElo "2398"]

1.e4 d6 2.d4 Nf6 3.Nc3 e5 4.Nge2 Be7 5.g3 O-O 6.Bg2 Nbd7 7.O-O Re8 8.h3 c6
9.a4 a5 10.Be3 Bf8 11.g4 h6 12.Ng3 exd4 13.Bxd4 Ne5 14.f4 Ng6 15.Qd2 Bd7
16.Rad1 Nh7 17.Nh5 Nh4 18.Bh1 g6 19.Ng3 f5 20.gxf5 gxf5 21.Kh2 fxe4 22.Rg1 Kf7
23.Qe2 Ng6 24.Bxe4 Rxe4 25.Ncxe4 Qh4 26.f5 Nf4 27.Qg4 Ng5 28.Nxg5+ hxg5 29.Ne4 Qxh3+
30.Qxh3 Nxh3 31.Rgf1 g4 32.Nf6 Be8 33.Nxg4 Ng5 34.Rde1 c5 35.Be3 Ne4 36.Bh6 Bc6
37.Rf4 d5 38.Bxf8 Rxf8 39.c4 Rh8+ 40.Kg2 Ng5 41.Ne5+ Kf6 42.cxd5 Bxd5+ 43.Kg3 Rh3+
44.Kg4 Rh7 45.Rd1 Kxe5 46.Kxg5 Rg7+ 47.Kh6 Rg2 48.Rxd5+ Kxd5 49.f6 Ke6 50.f7  1-0

[Event "FSGM May"]
[Site "Budapest HUN"]
[Date "2010.05.09"]
[Round "9"]
[White "Szalanczy,E"]
[Black "Varga,Zo"]
[Result "0-1"]
[WhiteElo "2277"]
[BlackElo "2479"]

1.e4 d6 2.d4 Nf6 3.Nc3 Nbd7 4.Nf3 e5 5.Bc4 Be7 6.O-O O-O 7.a4 c6 8.Ba2 h6
9.Qe2 Nh7 10.Rd1 Bf6 11.Be3 Qe7 12.a5 Ng5 13.d5 Nxf3+ 14.Qxf3 c5 15.Bc4 a6
16.Bf1 Bg5 17.Na4 Qd8 18.Bxg5 hxg5 19.Qc3 g6 20.Re1 Kg7 21.b4 cxb4 22.Qxb4 Qc7
23.Ra3 f5 24.Nc3 Nf6 25.Rb1 fxe4 26.Na4 Rf7 27.Nb6 Rb8 28.c4 g4 29.Re3 Bf5
30.Ra3 Rh8 31.Rb2 Kg8 32.Rbb3 Rfh7 33.h3 gxh3 34.gxh3 e3 35.Rxe3 Ne4 36.Rxe4 Bxe4
37.c5 Bf5 38.cxd6 Qc1 39.d7 Bxd7 40.Nxd7 Rxd7 41.Qg4 Rhh7 42.Rf3 Rhg7 43.Rf6 Rdf7
44.Rxf7 Rxf7 45.d6 Qc5 46.Qg3 Qxd6  0-1

[Event "FSIMA May"]
[Site "Budapest HUN"]
[Date "2010.05.10"]
[Round "10"]
[White "Bagi,M"]
[Black "Izso,D"]
[Result "0-1"]
[WhiteElo "2156"]
[BlackElo "2262"]

1.e4 d6 2.d4 Nf6 3.Nc3 Nbd7 4.Nf3 e5 5.Bc4 Be7 6.O-O O-O 7.Re1 c6 8.a4 Qc7
9.h3 b6 10.d5 Bb7 11.b3 cxd5 12.exd5 a6 13.g4 Ne8 14.Bg5 Bxg5 15.Nxg5 Nc5
16.Qf3 Qd8 17.Nge4 Nxe4 18.Qxe4 Bc8 19.Qg2 h6 20.Bd3 f5 21.gxf5 Bxf5 22.Bxf5 Rxf5
23.Ne4 Nf6 24.c4 Nxe4 25.Rxe4 h5 26.Re3 Qf6 27.Ra2 Rf8 28.Rg3 Kh7 29.Qe4 g6
30.Qe2 Qh4 31.Qe3 e4 32.Kg2 Rf3 33.Qxb6 Qf6 34.Rxf3 exf3+ 35.Kf1 Qf5 36.Qe3 Qb1+
37.Qe1 Qxa2 38.Qe7+ Kg8 39.Qe6+ Kg7 40.Kg1 Qa1+ 41.Kh2 Qf1 42.Qe7+ Rf7 43.Qg5 Qxf2+  0-1

[Event "ch-Commonwealth"]
[Site "Delhi IND"]
[Date "2010.05.10"]
[Round "2"]
[White "Venkatesh,M"]
[Black "Srikanth,A"]
[Result "1-0"]
[WhiteElo "2452"]
[BlackElo "2141"]

1.e4 d6 2.d4 Nf6 3.Nc3 e5 4.Nf3 Nbd7 5.Bc4 Be7 6.O-O O-O 7.Qe2 exd4 8.Nxd4 Ne5
9.Bb3 c5 10.Nf5 Bxf5 11.exf5 Qd7 12.f4 Nc6 13.g4 d5 14.g5 c4 15.gxf6 Bxf6
16.Ba4 Qxf5 17.Qg2 Ne7 18.Ne2 b5 19.Bxb5 Rab8 20.Ng3 Qe6 21.f5 Qb6+ 22.Kh1 Qxb5
23.Nh5 Kh8 24.Bg5 Bxg5 25.Qxg5 Ng6 26.f6 Rfe8 27.fxg7+ Kg8 28.Nf6+ Kxg7 29.Nh5+ Kf8
30.Rxf7+  1-0

[Event "40th Bosna Open"]
[Site "Sarajevo BIH"]
[Date "2010.05.10"]
[Round "6"]
[White "Gerzhoy,L"]
[Black "Predojevic,B"]
[Result "0-1"]
[WhiteElo "2469"]
[BlackElo "2628"]

1.e4 d6 2.d4 Nf6 3.Nc3 e5 4.dxe5 dxe5 5.Qxd8+ Kxd8 6.Bc4 Ke8 7.Nf3 Bd6 8.Bg5 Nbd7
9.O-O-O a6 10.Rhe1 h6 11.Bh4 b5 12.Bb3 Rb8 13.Bg3 Nh5 14.Nh4 g6 15.Nd5 Kf8
16.f3 a5 17.a3 Nc5 18.Bf2 Nxb3+ 19.cxb3 Be6 20.g4 Bxd5 21.exd5 Nf4 22.Be3 Kg7
23.Rd2 Nh3 24.Rc2 Rbe8 25.Ng2 h5 26.g5 Rhf8 27.Kb1 f6 28.gxf6+ Rxf6 29.f4 exf4
30.Bd4 Rxe1+ 31.Nxe1 g5 32.Nf3 g4 33.Bxf6+ Kxf6 34.Nd4 f3 35.Nxb5 f2 36.Rc1 Bxh2
37.Ka2 Bf4 38.Rc6+ Kg5  0-1

[Event "40th Bosna Open"]
[Site "Sarajevo BIH"]
[Date "2010.05.10"]
[Round "6"]
[White "Trkulja,G"]
[Black "Damljanovic,B"]
[Result "0-1"]
[WhiteElo "2343"]
[BlackElo "2539"]

1.e4 d6 2.d4 Nf6 3.Nc3 e5 4.Nf3 Nbd7 5.Bc4 Be7 6.O-O c6 7.Re1 b5 8.Bf1 a6
9.a4 Bb7 10.d5 Rb8 11.dxc6 Bxc6 12.axb5 axb5 13.b4 O-O 14.Bg5 h6 15.Bxf6 Nxf6
16.Nd5 Nxd5 17.exd5 Bd7 18.Ra7 Qc8 19.Nd4 Bd8 20.Nb3 Bb6 21.Ra2 Qc3 22.Qd2 Rfc8
23.Qxc3 Rxc3 24.Nd2 f5 25.Nb1 Rc7 26.Rc1 e4 27.g3 e3 28.c3 exf2+ 29.Kg2 Kf7
30.Nd2 Rbc8 31.c4 g5 32.Rc3 g4 33.Ra6 Bd4 34.Rc2 bxc4 35.Rxc4 Rxc4 36.Nxc4 Ke7
37.Rxd6 h5 38.Rh6 Bb5 39.d6+ Kd8 40.d7 Rxc4  0-1

[Event "40th Bosna Open"]
[Site "Sarajevo BIH"]
[Date "2010.05.10"]
[Round "6"]
[White "Sengupta,D"]
[Black "Mamedov,Rau"]
[Result "0-1"]
[WhiteElo "2508"]
[BlackElo "2653"]

1.e4 d6 2.d4 Nf6 3.Nc3 Nbd7 4.Nf3 e5 5.Bc4 Be7 6.O-O O-O 7.Re1 c6 8.a4 b6
9.d5 Bb7 10.b3 Nc5 11.b4 cxd5 12.Bxd5 Bxd5 13.exd5 Ncd7 14.a5 Qc7 15.Qd3 Rfc8
16.Bd2 bxa5 17.Rxa5 Nb6 18.Rea1 Nc4 19.Nb5 Qd8 20.Rxa7 e4 21.Qd4 Rab8 22.Na3 Nxa3
23.R1xa3 exf3 24.c4 Nd7 25.b5 Bf6 26.Qe4 Nb6 27.Ba5 Rxc4 28.Qxc4 Nxc4 29.Bxd8 Nxa3
30.Bc7 Re8  0-1

[Event "XV MIC"]
[Site "Split CRO"]
[Date "2010.05.10"]
[Round "2"]
[White "Plenkovic,Z"]
[Black "Lazic,Mir"]
[Result "1/2-1/2"]
[WhiteElo "2390"]
[BlackElo "2454"]

1.e4 d6 2.d4 Nf6 3.Nc3 e5 4.Nf3 Nbd7 5.Bc4 Be7 6.O-O O-O 7.a4 a5 8.Re1 c6
9.Ba2 exd4 10.Nxd4 Nc5 11.Bf4 Qb6 12.Qd2 Ne8 13.Qe3 Bf6 14.e5 dxe5 15.Bxe5 Bxe5
16.Qxe5 Nf6 17.h3 Bd7 18.Nb3 Nxb3 19.Bxb3 Rae8 20.Qd6 Be6 21.Bxe6 fxe6 22.Qd2 Rd8
23.Qe3 Qxb2 24.Rab1 Qxc2 25.Rxb7 Rde8 26.Re2 Qg6 27.Qc5 Nd5 28.Re5 Qf6 29.Nxd5 exd5
30.Rxe8 Rxe8 31.Qxa5 h6 32.Qc7 d4 33.Qg3 Rd8 34.Qd3 Qe5 35.g3 Kh8 36.h4 c5
37.a5 Qe1+ 38.Kg2 c4 39.Qg6 Qe5 40.a6 d3 41.Qc6 d2 42.Rd7 Rxd7 43.Qxd7 Qe4+
44.Kh2 c3 45.Qd8+ Kh7 46.a7 Qf3 47.a8=Q Qxa8 48.Qxa8 d1=Q 49.Qe4+ Kh8 50.Qe8+  1/2-1/2

[Event "ch-Commonwealth"]
[Site "Delhi IND"]
[Date "2010.05.11"]
[Round "3"]
[White "Stany,G"]
[Black "Bocharov,D"]
[Result "0-1"]
[WhiteElo "2330"]
[BlackElo "2592"]

1.e4 d6 2.d4 Nf6 3.Nc3 e5 4.Nf3 Nbd7 5.Bc4 Be7 6.O-O O-O 7.dxe5 dxe5 8.Qe2 c6
9.a4 Qc7 10.h3 Nc5 11.Rd1 Be6 12.Be3 Bxc4 13.Qxc4 Ne6 14.Ng5 Nxg5 15.Bxg5 Rac8
16.Be3 Qa5 17.Qb3 b6 18.Rd3 b5 19.Bg5 a6 20.Bxf6 Bxf6 21.Rd7 Rc7 22.Rad1 Be7
23.axb5 axb5 24.R7d3 Ra7 25.Ne2 g6 26.Rf3 Kg7 27.Nc1 Bg5 28.Ne2 Rd8 29.Rfd3 Rxd3
30.Qxd3 Ra8 31.c3 Rd8 32.Qc2 Rxd1+ 33.Qxd1 Qa2 34.b3 Bd2 35.g3 Qb2 36.c4 bxc4
37.bxc4 Ba5 38.Kg2 Bb6 39.Qd3 h5 40.h4 Ba7 41.Kf3 Qb6 42.Qe3 Qa5 43.Qc3 Qc5
44.Qe3 Qe7 45.Qg5 Qa3+ 46.Kg2 Qc5 47.Qe3 Qxc4 48.Qxa7 Qxe2 49.Qa4 c5 50.Qc6 Qc4
51.f4 exf4 52.gxf4 Qe2+ 53.Kg1 Qg4+  0-1

[Event "46th Capablanca Memorial Open A"]
[Site "Havana CUB"]
[Date "2010.05.12"]
[Round "2.21"]
[White "Pina Vega,S"]
[Black "Cuenca Jimenez,J"]
[Result "0-1"]
[WhiteElo "2298"]
[BlackElo "2493"]

1.e4 d6 2.d4 Nf6 3.Nc3 e5 4.Nf3 Nbd7 5.Bc4 Be7 6.O-O O-O 7.Re1 c6 8.a4 b6
9.Ba2 a6 10.h3 Rb8 11.Bg5 b5 12.axb5 axb5 13.b4 Qc7 14.Qd3 Re8 15.Bb3 exd4
16.Nxd4 Ne5 17.Qe2 h6 18.Be3 Bf8 19.f4 Ng6 20.Qd3 Kh8 21.Nf5 d5 22.Ra7 Rb7
23.Rxb7 Qxb7 24.exd5 Nxf4 25.Qf1 N4xd5 26.Nxd5 cxd5 27.c3 Qc7 28.Bd2 Ne4
29.Qd3 Bxf5 30.Qxd5  0-1

[Event "40th Bosna Open"]
[Site "Sarajevo BIH"]
[Date "2010.05.12"]
[Round "8"]
[White "Szabo,Krisz1"]
[Black "Burovic,I"]
[Result "1-0"]
[WhiteElo "2506"]
[BlackElo "2352"]

1.e4 d6 2.d4 Nf6 3.Nc3 c6 4.f4 Qa5 5.Bd3 e5 6.Nf3 Nbd7 7.O-O Be7 8.Ne2 exd4
9.Nexd4 Nc5 10.e5 dxe5 11.fxe5 Nd5 12.c4 Nxd3 13.cxd5 Nxc1 14.d6 Bd8 15.Rxc1 O-O
16.Nb3 Qb6+ 17.Nc5 Be6 18.b3 Re8 19.Qd2 Bd5 20.Kh1 a5 21.Nd4 Qa7 22.e6 fxe6
23.d7 Re7 24.Qf4 h6 25.Ndxe6 b6 26.Qf8+ Kh7 27.Qf5+ g6 28.Nf8+ Kg8 29.Nxg6 Rf7
30.Qe5 Rg7 31.Ne6 Bxg2+ 32.Kg1 b5+ 33.Rc5 Bf6 34.Qxf6 Qxd7 35.Kxg2 Rh7 36.Qf8+ Rxf8
37.Rxf8+  1-0

[Event "40th Bosna Open"]
[Site "Sarajevo BIH"]
[Date "2010.05.12"]
[Round "8"]
[White "Abasov,N"]
[Black "Rukavina,J"]
[Result "0-1"]
[WhiteElo "2525"]
[BlackElo "2397"]

1.e4 d6 2.d4 Nf6 3.Nc3 e5 4.Nf3 Nbd7 5.Bc4 Be7 6.O-O O-O 7.a4 a5 8.Re1 c6
9.h3 Qc7 10.Be3 Nb6 11.Ba2 Nfd7 12.Qe2 Bf6 13.Rad1 Re8 14.Ng5 Bxg5 15.Bxg5 Nf8
16.d5 c5 17.f4 Bd7 18.fxe5 Rxe5 19.Bf4 Ree8 20.e5 Ng6 21.Qf2 Nxf4 22.Qxf4 Rxe5
23.Rxe5 dxe5 24.Qxf7+ Kxf7 25.d6+ c4 26.dxc7 Rc8 27.Rd6 Bc6 28.Nb5 Ke7 29.b3 Rxc7
30.bxc4 Nxa4 31.Rd2 Bxb5 32.cxb5 Nc3 33.Bg8 h6 34.Rd3 b6 35.Rf3 a4 36.Kf1 Nxb5
37.Rf7+ Kd6 38.Rf8 Rxc2 39.Rd8+ Ke7 40.Rd5 Rc5  0-1

[Event "BEL-VSF"]
[Site "Gent BEL"]
[Date "2010.05.13"]
[Round "1"]
[White "Schuermans,R"]
[Black "Docx,S"]
[Result "0-1"]
[WhiteElo "2107"]
[BlackElo "2377"]

1.e4 d6 2.d4 Nf6 3.Nc3 e5 4.Nf3 Nbd7 5.Bc4 Be7 6.O-O O-O 7.Re1 c6 8.a4 b6
9.Ba2 a6 10.Nh4 exd4 11.Qxd4 Nc5 12.Nf3 Be6 13.Bxe6 Nxe6 14.Qc4 Nc5 15.Qe2 Re8
16.Nd4 Qd7 17.Qf3 Rac8 18.Bf4 Ne6 19.Nf5 Nxf4 20.Qxf4 Qe6 21.Rad1 Qe5 22.Qxe5 dxe5
23.Nd6 Bxd6 24.Rxd6 Red8 25.Red1 Rxd6 26.Rxd6 Kf8 27.f3 Ke7 28.Rd1 Nd7 29.Kf2 Nc5
30.Ke3 g6 31.g4 f6 32.b3 Rh8 33.Rg1 b5 34.axb5 axb5 35.Ra1 h5 36.h3 hxg4
37.hxg4 Rh2 38.Ne2 b4 39.Ra8 Ne6 40.Ra7+ Ke8 41.Ra6 Kd7 42.Ra7+ Nc7 43.Rb7 c5
44.c3 Kc6 45.Rb8 Nb5 46.cxb4 cxb4 47.Rf8 Kc5 48.Rc8+ Kb6 49.Rb8+ Kc6 50.Rc8+ Kd7
51.Rc4 Na3 52.Rc1 g5 53.Rd1+ Kc7 54.Rc1+ Kb7 55.Rc5 Rh1 56.Rc1 Rh8 57.Rc5 Kb6
58.Rc1 Rd8 59.Ng3 Nb5 60.Ne2 Nd6 61.Rc2 Ra8 62.Nc1 Ra3 63.Kd2 Nb5 64.Rc4 Ka5
65.Rc5 Kb6 66.Rc4  0-1

[Event "46th Capablanca Memorial Open A"]
[Site "Havana CUB"]
[Date "2010.05.13"]
[Round "3.19"]
[White "Luther,T"]
[Black "Boada,W"]
[Result "1/2-1/2"]
[WhiteElo "2525"]
[BlackElo "2214"]

1.e4 d6 2.d4 Nf6 3.Nc3 c6 4.h3 Qa5 5.Bd3 e5 6.Nf3 Be7 7.O-O O-O 8.dxe5 dxe5
9.Nh4 Re8 10.Qf3 Be6 11.Nf5 Bf8 12.Ne2 Kh8 13.Neg3 Ng8 14.b3 Nd7 15.Rd1 Nc5
16.Bd2 Qc7 17.Bf1 Rad8 18.a4 Bc8 19.Bc4 Ne6 20.Bc3 g6 21.Ne3 Bg7 22.Rxd8 Rxd8
23.Ng4 Rf8 24.Re1 Nd4 25.Qd1 Rd8 26.Qc1 h5 27.Nh2 Qe7 28.Bxd4 Rxd4 29.Nf3 Rd8
30.Qe3 b6 31.Qe2 Bf6 32.Ba6 Be6 33.Nf1 Qb4 34.N1d2 Kg7 35.Nc4 Bxc4 36.Bxc4 Qe7
37.c3 Qd7 38.b4 Ne7 39.b5 cxb5 40.axb5 Nc8 41.Bd5 Nd6 42.c4 Rc8 43.Ra1 Rc7
44.Ne1 Qc8 45.Ra4 Qd8 46.Nd3 Nc8 47.Nb4 Be7 48.Nc6 Qd6 49.Qb2 Bf6 50.g3 a5
51.bxa6 Rxc6 52.a7 Nxa7 53.Rxa7 Rc7 54.Ra6 h4 55.Qxb6 Qxb6 56.Rxb6 hxg3 57.fxg3 Be7
58.Kg2 Ra7 59.h4 f6 60.Kh3 Rc7 61.Rb8 Bc5 62.g4 Ra7 63.Rb7+ Rxb7 64.Bxb7 Bf2
65.Bc6 Kh6 66.Be8 Bd4 67.Kg3 Bc5 68.Kf3 Bd4 69.Ke2 Bc5 70.Kd3 Bf2 71.h5 gxh5
72.gxh5 Bc5 73.Bg6 Kg5 74.Kc2 Bf8 75.Kb3 f5 76.Bxf5 Kxh5 77.Ka4 Kg5 78.Kb5 Kf6
79.Kc6 Bb4 80.Kd5 Ke7 81.Kxe5 Bd6+ 82.Kd5 Bb8 83.e5 Bc7 84.e6 Kd8 85.c5 Bf4  1/2-1/2

[Event "XV MIC"]
[Site "Split CRO"]
[Date "2010.05.13"]
[Round "6"]
[White "Bozanic,I"]
[Black "Curic,D"]
[Result "0-1"]
[WhiteElo "2270"]
[BlackElo "2202"]

1.e4 d6 2.d4 Nf6 3.Nc3 c6 4.f4 Qa5 5.e5 Ne4 6.Bd2 Nxd2 7.Qxd2 dxe5 8.dxe5 Bf5
9.Nf3 e6 10.Nd4 Bg6 11.Nb3 Qc7 12.O-O-O Be7 13.h4 h5 14.Bd3 Bxd3 15.Qxd3 g6
16.Ne4 Nd7 17.Qd4 Nb6 18.Nd6+ Kf8 19.Nc5 Kg7 20.Rh3 Rhf8 21.Ncxb7 Nd5 22.c4 c5
23.Qe4 Bxd6 24.Nxd6 Ne7 25.Rb3 Rab8 26.Rdd3 Nc6 27.Nb5 Qb7 28.Rd6 Na5 29.Re3 Nxc4
30.Qxc4 a6 31.Nc3 Qxb2+ 32.Kd1 Rb4 33.Qxc5 Rxf4 34.Rd2 Qa1+ 35.Kc2 Rb8 36.Qa3 Rfb4
37.Ree2 Rb2+ 38.Kd3 Rd8+ 39.Qd6 Rxd6+ 40.exd6 Rxd2+ 41.Rxd2 Qf1+ 42.Kc2 Qf5+
43.Kc1 Qf1+ 44.Kb2 Qf4 45.Rd1 Qf2+ 46.Kc1 Qe3+ 47.Kc2 Qf2+ 48.Rd2 Qf5+ 49.Kb3 Qf4
50.Rd1 Qxh4 51.d7 Qd8 52.Ne4 Kf8 53.Kc4 Ke7 54.Nc5 h4 55.Nxa6 g5 56.Nc5 g4
57.a4 h3 58.gxh3 gxh3 59.Rd3 h2 60.Rh3 Qb8 61.Rh4 Qb2 62.Rh3 Qc1+ 63.Kb5 Qf1+
64.Kc6 Qxh3  0-1

[Event "ch-Commonwealth"]
[Site "Delhi IND"]
[Date "2010.05.14"]
[Round "7"]
[White "Grover,S"]
[Black "Koshy,V"]
[Result "1/2-1/2"]
[WhiteElo "2416"]
[BlackElo "2310"]

1.e4 d6 2.d4 Nf6 3.Nc3 e5 4.Nf3 Nbd7 5.Be2 c6 6.a4 b6 7.O-O Be7 8.Re1 O-O
9.h3 a6 10.Be3 Bb7 11.Nh4 exd4 12.Bxd4 c5 13.Bxf6 Nxf6 14.Nf5 Re8 15.Bc4 Bf8
16.Nd5 g6 17.Ng3 Bg7 18.c3 Bxd5 19.Bxd5 Nxd5 20.Qxd5 Qc7 21.Rad1 Rad8 22.Nf1 b5
23.axb5 axb5 24.Ne3 Re5 25.Qb3 Qc6 26.Nd5 Rde8 27.f3 c4 28.Qc2 f5 29.Re2 Qc5+
30.Kh1 fxe4 31.fxe4 Rf8 32.Qc1 Ree8 33.Qg5 Be5 34.Ne3 Bf4 35.Qxc5 dxc5 36.Nd5 Be5
37.Kg1 b4 38.cxb4 cxb4 39.Rc2 c3 40.bxc3 bxc3 41.Nxc3 Bxc3  1/2-1/2

[Event "ch-Commonwealth"]
[Site "Delhi IND"]
[Date "2010.05.14"]
[Round "7"]
[White "Abhishek,D"]
[Black "Dzhumaev,M"]
[Result "1-0"]
[WhiteElo "2331"]
[BlackElo "2495"]

1.e4 d6 2.d4 Nf6 3.Nc3 c6 4.Be3 Nbd7 5.Nf3 Qc7 6.h3 b5 7.Bd3 e5 8.Ne2 exd4
9.Nfxd4 a6 10.c3 Ne5 11.O-O c5 12.Nf5 g6 13.Bg5 gxf5 14.Bxf6 Rg8 15.exf5 Bb7
16.Ng3 Nxd3 17.Qxd3 Qc6 18.Rfe1+ Kd7 19.Ne4 Re8 20.f3 d5 21.Bh4 Be7 22.Bxe7 Rxe7
23.b4 cxb4 24.cxb4 Ke8 25.Nc5 Bc8 26.Rxe7+ Kxe7 27.Qe3+ Kf8 28.Qe5 f6 29.Qf4 Kf7
30.Re1 Re8 31.Rxe8 Qxe8 32.Kf2 Qe7 33.g4 a5 34.a3 a4 35.Qd4 Qd8 36.Nd3 Qc7
37.Nf4 Bb7 38.Kg3 Qc1 39.Qa7 Qc7 40.Qe3 Bc8 41.Kh4 Qd6 42.Qd4 Bb7 43.Ne6 Bc8
44.Qc5 Qxc5 45.Nxc5 d4 46.Kg3 d3 47.Kf2 Ke7 48.Ke3 Kd6 49.f4 h5 50.Kxd3 Kd5
51.Kc3 h4 52.Kd3 Kc6 53.Ke4  1-0

[Event "ch-Commonwealth"]
[Site "Delhi IND"]
[Date "2010.05.14"]
[Round "7"]
[White "Mohammad,J"]
[Black "Hossain,Enam"]
[Result "0-1"]
[WhiteElo "2246"]
[BlackElo "2499"]

1.e4 d6 2.d4 Nf6 3.Nc3 e5 4.Nf3 Nbd7 5.Bc4 Be7 6.O-O O-O 7.h3 c6 8.a4 b6
9.Bb3 a6 10.Qe2 Bb7 11.Rd1 Qc7 12.Be3 b5 13.axb5 axb5 14.Rxa8 Bxa8 15.dxe5 dxe5
16.Nh4 g6 17.Bh6 Re8 18.Be3 Nc5 19.Bxc5 Bxc5 20.Nf3 h6 21.Nh4 Kg7 22.Qf3 Bb7
23.Ne2 Bc8 24.Ng3 Rd8 25.c3 Rxd1+ 26.Qxd1 Nh7 27.Nf3 Qe7 28.Qd2 Qf6 29.Nf1  0-1

[Event "ch-Commonwealth"]
[Site "Delhi IND"]
[Date "2010.05.15"]
[Round "8"]
[White "Antonio,V"]
[Black "Dzhumaev,M"]
[Result "1/2-1/2"]
[WhiteElo "2201"]
[BlackElo "2495"]

1.e4 d6 2.d4 Nf6 3.Nc3 c6 4.f4 Qa5 5.Bd3 e5 6.dxe5 dxe5 7.Nf3 Bg4 8.fxe5 Nfd7
9.Bf4 Nc5 10.h3 Bh5 11.g4 Bg6 12.Qe2 Nbd7 13.O-O-O Ne6 14.Bd2 Nxe5 15.Kb1 Nxd3
16.Qxd3 Qc7 17.Ng5 Nc5 18.Qc4 b5 19.Qf1 b4 20.Bf4 Qb7 21.Ne2 Be7 22.Ng3 O-O
23.Qc4 Qb5 24.Qxb5 cxb5 25.Rhe1 Rfe8 26.Nf3 Bf8 27.Nd4 a6 28.Ndf5 Red8 29.h4 f6
30.g5 Ne6 31.Be3 fxg5 32.hxg5 Rxd1+ 33.Rxd1 Rd8 34.Rxd8 Nxd8 35.Kc1 Be8 36.Kd2 Kf7
37.Bf4 Ne6 38.Ke3 Bc5+ 39.Kf3 Bc6 40.Ne2 Kg6 41.Nh4+ Kf7 42.Nf5 Ke8 43.Ne3 Be7
44.Nf5 Bc5 45.Ne3 Kd7 46.Ng4 Bb7 47.Ne5+ Ke8 48.b3 Be7 49.g6 h6 50.Be3 Bd6
51.Nd3 Ke7 52.Nd4 Kf6 53.Nxe6 Kxe6 54.Bd4 Bf8 55.Bc5 Be7 56.Bd4 Bf8 57.Bc5 Bd6
58.Bd4 h5 59.Bxg7 h4 60.Bd4 h3 61.g7 Kf7 62.Ne5+ Bxe5 63.Bxe5  1/2-1/2

[Event "46th Capablanca Memorial Open A"]
[Site "Havana CUB"]
[Date "2010.05.15"]
[Round "5.39"]
[White "Campos Vila,M"]
[Black "Arribas Robaina,M"]
[Result "1-0"]
[WhiteElo "2212"]
[BlackElo "2300"]

1.e4 d6 2.d4 Nf6 3.Nc3 c6 4.f4 Qa5 5.Bd3 e5 6.Nf3 exd4 7.Nxd4 Na6 8.O-O Nc5
9.e5 Nxd3 10.Qxd3 Nd5 11.Re1 Kd8 12.Bd2 Nb4 13.Qg3 d5 14.Kh1 Qc7 15.e6 fxe6
16.a3 Na6 17.Rxe6 Qf7 18.Re2 Bd6 19.Rae1 Bd7 20.Ne6+ Bxe6 21.Rxe6 Kc7 22.Qg5 Kd7
23.Nb5 cxb5 24.Qxd5 Qf8 25.Bb4 Nxb4 26.Qxb7+ Bc7 27.axb4 Rd8 28.f5 Qxf5 29.Re7+  1-0

[Event "Municipality Cup"]
[Site "Tbilisi GEO"]
[Date "2010.05.15"]
[Round "1"]
[White "Zaslavsky,M"]
[Black "Tevzadze,M"]
[Result "1-0"]
[WhiteElo "2397"]
[BlackElo "1896"]

1.e4 d6 2.d4 Nf6 3.Nc3 Nbd7 4.Nf3 e5 5.Bc4 Be7 6.O-O O-O 7.Re1 c6 8.a4 Qc7
9.Bg5 h6 10.Bh4 Re8 11.Bg3 b6 12.Qe2 g6 13.Ba2 Bd8 14.Qc4 Nf8 15.dxe5 dxe5
16.Nxe5 Be6 17.Qxc6 Qxc6 18.Nxc6 Bxa2 19.Rxa2 Ne6 20.f3 Nh5 21.Bf2 Bf6 22.e5 Bg5
23.Nb5 Rec8 24.Ncxa7 Rxa7 25.Nxa7 Rxc2 26.g3 Nhf4 27.gxf4 Nxf4 28.Bg3 Nh3+
29.Kf1 Be7 30.Re2 Rc1+ 31.Kg2 Ng5 32.b3 Bc5 33.Bf2 Ne6 34.Bxc5 Nf4+ 35.Kg3  1-0

[Event "TCh-UKR Clubs"]
[Site "Alushta UKR"]
[Date "2010.05.16"]
[Round "5"]
[White "Volovikov,An"]
[Black "Chos,A"]
[Result "1/2-1/2"]
[WhiteElo "2314"]
[BlackElo "2306"]

1.e4 d6 2.d4 Nf6 3.Nc3 e5 4.dxe5 dxe5 5.Qxd8+ Kxd8 6.Bc4 Be6 7.Bxe6 fxe6
8.Nf3 Bd6 9.Be3 Ke7 10.O-O-O Nbd7 11.Nd2 h6 12.Nb5 a6 13.Nxd6 cxd6 14.f3 Rac8
15.Nb3 Rhf8 16.Rd2 b6 17.Rhd1 Rc6 18.Kb1 d5 19.exd5 exd5 20.Re2 Re6 21.Bf2 Kf7
22.Nc1 g5 23.Nd3 a5 24.Bg3 Rfe8 25.Rde1 e4 26.fxe4 Nxe4 27.Rf1+ Kg6 28.Kc1 Nxg3
29.Rxe6+ Rxe6 30.hxg3 Re3 31.g4 Nf6 32.Kd2 Rg3 33.Rg1 Nxg4 34.Nc1 Ne5 35.Ke2 h5
36.Kf2 h4 37.Ne2 Ng4+ 38.Ke1 Re3 39.Kd2 Re4 40.Nc3 Rd4+ 41.Ke2 Rc4 42.Rc1 Rf4
43.Rg1 Rf2+ 44.Kd3 Nf6 45.Nd1 Rf4 46.Ne3 d4 47.Nc4 Nd5 48.a3 Kh5 49.Ne5 g4
50.g3 hxg3 51.Rxg3 Kg5 52.Rxg4+ Rxg4 53.Nxg4 Kxg4 54.Kxd4 Nc7 55.Ke5 Kf3
56.Kd6 Na8 57.Kc6 Ke3 58.b4 a4 59.Kb7 Kd2 60.Kxa8 Kxc2 61.Kb7 Kb3 62.Kxb6 Kxa3
63.b5 Kb4 64.Kc6  1/2-1/2

[Event "ch-Commonwealth"]
[Site "Delhi IND"]
[Date "2010.05.16"]
[Round "9"]
[White "Ankit,R"]
[Black "Hossain,Enam"]
[Result "1/2-1/2"]
[WhiteElo "2350"]
[BlackElo "2499"]

1.e4 d6 2.d4 Nf6 3.Nc3 Nbd7 4.Nf3 e5 5.Bc4 Be7 6.O-O O-O 7.Re1 c6 8.a4 b6
9.Ba2 a6 10.h3 Rb8 11.Qe2 b5 12.axb5 axb5 13.b4 h6 14.Rd1 Qc7 15.Nh4 exd4
16.Rxd4 Nh7 17.Nf3 Bf6 18.Rd3 Ne5 19.Nxe5 Bxe5 20.Be3 Nf6 21.Bd4 Bxd4 22.Rxd4 c5
23.Rd2 c4 24.Rad1 Rb6 25.Nd5 Nxd5 26.Rxd5 Bb7 27.R5d4 Re8 28.c3 d5 29.Bb1 Rbe6
30.f3 dxe4 31.fxe4 Bc6 32.Rf1 Qe5 33.Qd2 Rg6 34.Rd8 Rxd8 35.Qxd8+ Kh7 36.Qd2 Rg3
37.Rxf7 Be8 38.Rf8 Bg6 39.Qd8 Bh5 40.Rh8+ Kg6 41.Re8 Qxc3 42.e5+ Rd3 43.Bxd3+ cxd3
44.Qd6+ Kh7 45.Rd8 Qc1+ 46.Kh2 Qf4+ 47.Kg1 Qe3+ 48.Kh2 Qf4+ 49.Kg1 Qe3+  1/2-1/2

[Event "ch-Commonwealth"]
[Site "Delhi IND"]
[Date "2010.05.16"]
[Round "9"]
[White "Shashaank,D"]
[Black "Koshy,V"]
[Result "0-1"]
[WhiteElo "2144"]
[BlackElo "2310"]

1.d4 d6 2.e4 Nf6 3.Nc3 e5 4.Nf3 Nbd7 5.Bc4 Be7 6.O-O O-O 7.Re1 a6 8.a4 b6
9.Be3 Bb7 10.d5 Kh8 11.Qe2 Ng8 12.Nd2 Bg5 13.g3 Bxe3 14.Qxe3 Nh6 15.Bd3 f5
16.exf5 Nxf5 17.Bxf5 Rxf5 18.Nde4 Nf6 19.Rad1 Nxe4 20.Nxe4 Qd7 21.b3 Raf8
22.Rd3 h6 23.c4 a5 24.f3 Qf7 25.Kg2 Bc8 26.Rc3 Qh5 27.g4 Qg6 28.Ng3 Rf4 29.Qd3 Qg5
30.Re4 R4f7 31.Qe3 Qh4 32.h3 g6 33.Ne2 Kh7 34.Qf2 Qd8 35.Rc1 h5 36.Qg3 Kh6
37.Rf1 Qg5 38.Rd1 hxg4 39.hxg4 Kg7 40.Ng1 Rh8 41.Nh3 Qf6 42.Rh1 Rff8 43.Ree1 g5
44.Nf2 Rh4 45.Ne4 Qh6 46.Rxh4 gxh4 47.Qh3 Rh8 48.Kf2 Qf4 49.Ke2 Bd7 50.Rh1 Be8
51.Qh2 Qxh2+ 52.Rxh2 Bg6 53.Ng5 Bc2 54.Ne6+ Kf6 55.Nxc7 Bxb3 56.Kd3 Bxa4
57.Ne6 Bd7 58.Nc7 h3 59.Ke3 Kg5 60.Kf2 Kh4 61.Kg1 Rc8 62.Ne6 Rxc4 63.Rb2 Kg3
64.Rb1 b5 65.Ng5 Rd4 66.Ne4+ Kxf3 67.Nxd6 Rxd5 68.Nf5 Rd2 69.Nh6 h2+ 70.Kh1 Bc6  0-1

[Event "46th Capablanca Memorial Open A"]
[Site "Havana CUB"]
[Date "2010.05.17"]
[Round "6.22"]
[White "Calvo Quinteiro,J"]
[Black "Rodriguez Garcia,V"]
[Result "1/2-1/2"]
[WhiteElo "2247"]
[BlackElo "2331"]

1.e4 d6 2.d4 Nf6 3.Nc3 e5 4.Nf3 Nbd7 5.Bc4 Be7 6.O-O O-O 7.Re1 a6 8.a4 b6
9.b3 Bb7 10.Bb2 c6 11.d5 Qc7 12.dxc6 Bxc6 13.Bd5 Rfc8 14.Bxc6 Qxc6 15.Qe2 Bf8
16.Nd2 Nc5 17.f3 Ne6 18.Nc4 b5 19.axb5 axb5 20.Rxa8 Rxa8 21.Ne3 Nd4 22.Qd3 Rc8
23.Rc1 Qc5 24.Kh1 g6 25.Ncd5 Nxd5 26.Nxd5 Kh8 27.b4 Qc4 28.Qxc4 Rxc4  1/2-1/2

[Event "Municipality Cup"]
[Site "Tbilisi GEO"]
[Date "2010.05.17"]
[Round "3"]
[White "Nikolashvili,G"]
[Black "Muzychuk,A"]
[Result "0-1"]
[WhiteElo "2310"]
[BlackElo "2529"]

1.d4 d6 2.e4 Nf6 3.Nc3 Nbd7 4.Nf3 e5 5.Bc4 Be7 6.O-O O-O 7.h3 c6 8.a4 b6
9.Bg5 Bb7 10.Re1 a6 11.Bb3 h6 12.Be3 Re8 13.dxe5 dxe5 14.Qb1 Bb4 15.Qa2 Qe7
16.Nh4 Nc5 17.Nf5 Qf8 18.Rad1 Red8 19.f3 b5 20.Rf1 Rxd1 21.Rxd1 Nxb3 22.Qxb3 Bc8
23.Na2 Ba5 24.Qd3 Bxf5 25.exf5 Rd8 26.Qe2 Nd5 27.Kh1 Nxe3 28.Rxd8 Qxd8 29.Qxe3 Qd1+
30.Kh2 Bc7 31.Qe4 Bb6 32.Qxe5 Qf1 33.Kg3 Bf2+ 34.Kf4 Qxg2 35.Qe8+ Kh7 36.Qxf7 Bg3+
37.Ke3 Qf2+ 38.Kd3 Qxf3+ 39.Kd4 Qf2+ 40.Kd3 Qf3+ 41.Kd4 Qf4+ 42.Kc5 Qd6+
43.Kb6 bxa4 44.Nc3 Be5 45.Ne2 Bxb2 46.Nf4 Qb8+ 47.Kc5 Qb5+ 48.Kd6 Be5+ 49.Ke6 Qc4+  0-1

[Event "TCh-UKR Clubs"]
[Site "Alushta UKR"]
[Date "2010.05.18"]
[Round "8"]
[White "Dhillon,J"]
[Black "Chos,A"]
[Result "0-1"]
[WhiteElo "1948"]
[BlackElo "2306"]

1.e4 d6 2.d4 Nf6 3.Nc3 e5 4.dxe5 dxe5 5.Qxd8+ Kxd8 6.Bc4 Be6 7.Bxe6 fxe6
8.Nge2 Bd6 9.Be3 Nc6 10.O-O-O Ke7 11.f3 a6 12.Rhf1 Rhf8 13.g3 b5 14.Kb1 Rab8
15.Nc1 Na5 16.Nd3 Nc4 17.Bg1 b4 18.Na4 Nxe4  0-1